000 00588nam a2200229Ia 4500
008 220216s9999 xx 000 0 und d
100 _aRoy S
245 0 _aEffect of planting density and fertilisers on growth and early yield of rubber in Tripura
260 _bNatural Rubber Research
_c2005
300 _a81-86
650 _aGrowth
650 _aNutrition
650 _aPLanting density
650 _aTripura
650 _aWind damage
650 _aYield
700 _aChakraborty S K
700 _aChoudhury T
700 _aDey S K
700 _aEappen T
942 _cBS
999 _c48421
_d48421